[Event "Est ch 2020 U16"]
[Site "Narva"]
[Date "2020.02.27"]
[Round "1.1"]
[White "Shnurov, Daniil"]
[Black "Pedoson, Georg Aleksander"]
[Result "0-1"]
[WhiteElo "1558"]
[BlackElo "2160"]
[PlyCount "88"]
[EventDate "2020.02.27"]
[EventCountry "EST"]
[SourceVersionDate "2020.03.16"]

1. e4 d5 2. exd5 Qxd5 3. Nc3 Qd6 4. d4 Nf6 5. Nf3 a6 6. Be2 ({Lisan siia
mõned välkpartiid, milles Carlsen demonstreerib, kuidas mustadega seda
avangut peaks mängima. Ehk leiavad huvlised midagi siit ka valgetele...} 6.
Ne5 Nc6 7. Nxc6 Qxc6 8. d5 Qd6 9. Bc4 b5 10. Bb3 Bb7 11. Qf3 b4 12. Bf4 e5 13.
Ne4 Nxe4 14. Qxe4 O-O-O 15. Be3 Bxd5 16. Qg4+ Qe6 17. Qe2 Be7 18. O-O Kb7 19.
Rfd1 Bxb3 20. axb3 Rxd1+ 21. Rxd1 Rd8 22. Ra1 f5 23. g3 g5 24. c4 Qc6 25. Ra5
f4 26. Bd2 Bc5 27. Be1 f3 28. Qxe5 Re8 {0-1 (28) Mamedov,R (2645)-Carlsen,M 
(2876) chess24.com INT 2020}) (6. g3 Bf5 (6... Bg4 7. Bg2 c6 8. h3 Bh5 9. g4
Bg6 10. Ne5 Nbd7 11. f4 e6 12. Qe2 Be7 13. Be3 Nd5 14. Nxd5 cxd5 15. O-O Be4
16. Bxe4 dxe4 17. Qg2 Nf6 18. c4 O-O 19. f5 Nd7 20. Qxe4 Nxe5 21. dxe5 Qb4 22.
a3 Qxb2 23. Rab1 Qxa3 24. Rxb7 Bc5 25. Bxc5 Qxc5+ 26. Kg2 Rad8 27. Rf2 Rd4 28.
Qf3 Qxc4 29. Re7 Rd3 30. Qf4 Qd5+ 31. Kh2 Rd4 32. Qg3 a5 33. Ra7 Qc5 34. Ra6 a4
35. f6 g6 36. Qe3 Rc4 37. Qxc5 Rxc5 38. Re2 Rc4 39. Kg3 g5 40. Re3 Rd8 41. h4
h6 42. h5 Rdd4 43. Ra8+ Kh7 44. Ra7 Rxg4+ 45. Kf2 Rgf4+ 46. Ke2 Rce4 47. Rxf7+
Kg8 48. Re7 Kf8 49. Rxe6 a3 50. Ra6 Rh4 51. Ra7 Rh2+ 52. Kd3 {1-0 (52) Mamedov,
R (2645)-Carlsen,M (2876) chess24.com INT 2020}) 7. Bg2 c6 8. Bf4 Qb4 9. O-O e6
10. Ne5 Nbd7 11. Nxd7 Nxd7 12. Rb1 Be7 13. a3 Qb6 14. Re1 Rd8 15. Na4 Qa5 16.
b3 O-O 17. Bd2 Qc7 18. Bf4 Qc8 19. Qc1 b5 20. Nc3 Nf6 21. Ne2 c5 22. Qb2 Be4
23. Bxe4 Nxe4 24. Rbd1 Bf6 25. Be3 c4 26. h4 Qc6 27. bxc4 Qxc4 28. Rd3 Rc8 29.
Rc1 h6 30. Qb4 Rfd8 31. Qa5 Qc6 32. a4 Nd6 33. axb5 axb5 34. Qb4 Nc4 35. Rb1
Rd5 36. Nc3 Rf5 37. d5 Bxc3 38. dxc6 Bxb4 39. Rxb4 Rxc6 40. Bd4 Rd5 41. Ba1
Rxd3 42. cxd3 Nd6 43. Be5 Nf5 44. Rxb5 h5 45. Kg2 f6 46. Bf4 Kh7 47. Kf3 Nd4+ {
0-1 (47) Mamedov,R (2645)-Carlsen,M (2876) chess24.com INT 2020}) 6... g6 7. h3
Bg7 8. O-O O-O 9. Be3 b5 10. a3 Bb7 11. Qd2 e6 12. Rfe1 Nc6 13. Rad1 Rad8 14.
Bd3 (14. Bf4 Qd7 15. Ne5 Nxe5 16. Bxe5 {järel valgel probleeme ei tohiks
niipea tekkida. Vähemalt võrdsus on tagatud.}) 14... Ne7 {Must haarab
algatuse.} 15. Bf4 Qb6 16. Ne4 Nxe4 17. Bxe4 Nf5 ({Parem oli} 17... Bxe4 18.
Rxe4 c5) 18. Bxb7 Qxb7 19. Qb4 Qb6 20. c3 Rd5 21. Nd2 Bxd4 {Valge magas maha
taktikalise löögi, kuid siin oli märksa parem vastus olemas.} 22. Ne4 (22.
cxd4 Rxd4 23. Qc3 Rxf4 24. Ne4 {[%cal Re4f6] ja mustal pole paremat kvaliteedi
loovutamisest.} Ne7 ({või} 24... Rxe4 25. Rxe4 c5) 25. Nf6+ Rxf6 26. Qxf6 Nd5)
22... c5 23. Qb3 c4 24. Qc2 Bg7 25. Rxd5 exd5 26. Ng3 Nxg3 27. Bxg3 Bf6 (27...
d4 28. cxd4 Qxd4) 28. Qd2 Rd8 29. Be5 Kg7 30. Qf4 Bxe5 31. Rxe5 d4 32. cxd4
Rxd4 33. Re4 Rd1+ 34. Kh2 Qf6 35. Qe3 Qxb2 36. Qa7 Qf6 37. f4 c3 38. Qb8 c2 39.
Re8 Rh1+ ({Oli võimalik kooperatiivmatt teha} 39... c1=Q 40. Rg8+ Kh6 41. Qf8+
Kh5 42. g4+ Kh4 43. Qh6#) (39... Qd4 40. Rg8+ Kf6) 40. Kg3 c1=Q 41. Rg8+ Kh6
42. Re8 Qcc3+ 43. Kf2 Qcd4+ 44. Kg3 Qd3+ 0-1

[Event "Est ch 2020 U16"]
[Site "Narva"]
[Date "2020.02.27"]
[Round "1.2"]
[White "Aga, Rihard"]
[Black "Nazarov, Vladislav"]
[Result "1-0"]
[WhiteElo "2054"]
[BlackElo "1546"]
[PlyCount "63"]
[EventDate "2020.02.27"]
[EventCountry "EST"]
[SourceVersionDate "2020.03.16"]

1. d4 d5 2. c4 Nf6 3. Nc3 e6 4. Nf3 Be7 5. Bf4 O-O 6. e3 c6 7. c5 Nbd7 8. h3
Re8 9. b4 Nf8 10. Bd3 Ng6 11. Bh2 Bf8 12. O-O Nd7 13. Qc2 f5 14. b5 Nf6 15.
bxc6 bxc6 16. Qa4 Qd7 17. Ne2 Ne4 18. Nf4 Nxf4 19. Bxf4 Bb7 20. Ba6 Nc3 21. Qa5
Bxa6 22. Qxa6 Qc8 23. Qd3 Ne4 24. Rab1 h6 25. Rb2 g5 26. Bh2 Bg7 27. Rfb1 Nxc5
28. dxc5 Bxb2 29. Rxb2 Re7 30. Qc3 Rb7 31. Qf6 Kh7 32. Be5 1-0

[Event "Est ch 2020 U16"]
[Site "Narva"]
[Date "2020.02.27"]
[Round "1.3"]
[White "Mikko, Rondo"]
[Black "Andrijashkin, Deniss"]
[Result "1/2-1/2"]
[WhiteElo "1542"]
[BlackElo "1946"]
[PlyCount "84"]
[EventDate "2020.02.27"]
[EventCountry "EST"]
[SourceVersionDate "2020.03.16"]

1. d4 Nf6 2. Nf3 g6 3. g3 Bg7 4. Bg2 O-O 5. O-O d6 6. c4 Nc6 7. Nc3 a6 8. b3
Rb8 9. Bg5 h6 10. Bxf6 Bxf6 11. Rc1 Bg7 12. d5 Na5 13. Nd4 Bd7 14. Qd2 c5 15.
dxc6 Nxc6 16. Nxc6 Bxc6 17. Bxc6 bxc6 18. c5 Qa5 19. cxd6 exd6 20. Na4 Qb5 21.
Qxd6 Qxe2 22. Nc5 Rbc8 23. Qd3 Qxa2 24. Qxa6 Qxa6 25. Nxa6 Rfe8 26. Rfe1 Red8
27. Red1 Bd4 28. Kg2 Bf6 29. Rxd8+ Bxd8 30. b4 Bb6 31. b5 c5 32. Nb4 Rd8 33.
Nc2 Rd2 34. Kf3 Rd3+ 35. Ke4 Rb3 36. Kd5 Rxb5 37. Na3 Rb3 38. Nc4 Bd8 39. Kxc5
Be7+ 40. Kd5 Rf3 41. Rc2 Bf6 42. Ke4 Rc3 1/2-1/2

[Event "Est ch 2020 U16"]
[Site "Narva"]
[Date "2020.02.27"]
[Round "1.4"]
[White "Krivenko, Dion"]
[Black "Kull, Tormi"]
[Result "1-0"]
[WhiteElo "1935"]
[BlackElo "1523"]
[PlyCount "51"]
[EventDate "2020.02.27"]
[EventCountry "EST"]
[SourceVersionDate "2020.03.16"]

1. e4 d6 2. d4 Nf6 3. Nc3 g6 4. Nf3 Bg7 5. h3 c6 6. a4 a5 7. Be3 Qc7 8. Bc4
Nbd7 9. O-O O-O 10. Bb3 e5 11. dxe5 dxe5 ({Siin tuleb võtta ratsuga, muidu
jäävad vigurid oma laagris väga puntrasse.} 11... Nxe5 {ning} 12. Nd4 {
peale on hea plaan} (12. Nxe5 dxe5 13. Qf3 Re8 14. Rfd1 Be6 15. Bxe6 Rxe6 16.
Rd2) 12... Ned7 {[%cal Rd7c5,Rf8e8]} 13. Bf4 Nc5 14. Re1 Nh5 15. Bh2 Be5) 12.
Qd2 Nh5 ({Parim oli} 12... b6 13. Rfd1 Ba6 14. Qd6 Ra7) 13. Rfd1 Nf4 14. Kh2
Nf6 {Kaotab materjali.} (14... b6) 15. Bc5 Re8 16. Bd6 Qd7 17. Nxe5 Rxe5 18.
Bxe5 Qxd2 19. Rxd2 Ng4+ 20. hxg4 Bxe5 21. Rd8+ Kg7 22. g3 Ne6 23. Bxe6 fxe6 24.
Rad1 Kf7 25. g5 Rb8 26. f4 1-0

[Event "Est ch 2020 U16"]
[Site "Narva"]
[Date "2020.02.27"]
[Round "1.5"]
[White "Mertins, Ostap"]
[Black "Protassov, Vlad"]
[Result "0-1"]
[WhiteElo "1375"]
[BlackElo "1913"]
[PlyCount "108"]
[EventDate "2020.02.27"]
[EventCountry "EST"]
[SourceVersionDate "2020.03.16"]

1. e4 c6 2. Nf3 d5 3. Nc3 dxe4 4. Nxe4 Nf6 5. Nxf6+ exf6 6. Bc4 Bd6 7. d3 O-O
8. O-O Bg4 9. h3 Bh5 10. Be3 Nd7 11. d4 Re8 12. c3 Nb6 13. Bb3 Nd5 14. Bxd5
cxd5 15. Re1 Qd7 16. Bd2 Re4 17. Re3 Rae8 18. g4 Bxg4 ({Mustal oli võimalus
läbi viia ilus kombinatsioon} 18... Rxg4+ 19. hxg4 Qxg4+ 20. Kf1 Qh3+ 21. Ke1
(21. Kg1 Rxe3 22. fxe3 Bxf3) 21... Qh1+ 22. Ke2 Qxf3+ 23. Kd3 Bg6#) 19. hxg4
Qxg4+ 20. Kf1 h5 21. Ng1 Qg6 22. Qf3 f5 23. Qg2 Qe6 24. Nf3 Qd7 25. a4 Rg4 26.
Qh3 Rxe3 27. Bxe3 f4 28. Bd2 Qf5 29. Re1 Qd3+ 30. Re2 g6 31. b4 a6 32. Qh1 Kg7
33. Ne1 Qf5 34. Nf3 f6 35. Nh4 Qd3 36. Nf3 g5 37. Ne1 Qf5 38. Nf3 {
Edasi-tagasi käimise asemel tuleks alati otsida siiski alternatiive. Siin oli
valgel hea võimalus} (38. c4 {ja lüüa loomulikult ei tohi} dxc4 39. Qxb7+
Kh6 40. Re8) 38... Qb1+ 39. Re1 Qd3+ 40. Re2 b5 41. axb5 axb5 42. Ne1 Qf5 43.
Re8 Rh4 44. Qg2 g4 {Nüüd taas on võiduseis mustal.} 45. Rd8 f3 46. Nxf3 Qxf3
47. Qxf3 gxf3 48. Kg1 Bh2+ 49. Kf1 Bf4 50. Kg1 Bxd2 51. Rxd5 Bxc3 52. Rxb5 Rxd4
53. Rxh5 Rd1+ 54. Kh2 Be5+ 0-1

[Event "Est ch 2020 U16"]
[Site "Narva"]
[Date "2020.02.27"]
[Round "1.6"]
[White "Rytshagov, Nikita"]
[Black "Naestema, Joonas Aditya"]
[Result "1-0"]
[WhiteElo "1837"]
[BlackElo "1341"]
[PlyCount "93"]
[EventDate "2020.02.27"]
[EventCountry "EST"]
[SourceVersionDate "2020.03.16"]

1. e4 e5 2. Nf3 Nc6 3. d4 exd4 4. Nxd4 Bb4+ 5. c3 Be7 6. Bc4 Nf6 7. Qe2 d5 8.
exd5 Nxd5 9. Nxc6 bxc6 10. Bg5 O-O 11. Bxe7 Qxe7 12. Qxe7 Nxe7 13. Nd2 Rb8 14.
O-O-O Nd5 15. Nb3 Be6 16. Nd4 Bd7 17. Nxc6 Bxc6 18. Bxd5 Bxd5 19. Rxd5 Rfe8 20.
Rhd1 g6 21. R1d2 Kg7 22. Rc5 Rb7 23. b4 Re7 24. a4 Rb8 25. a5 Rbe8 26. Kc2 f5
27. Kb3 Rf7 28. Kc4 Re4+ 29. Kb5 Re6 30. Rc6 a6+ 31. Rxa6 Re5+ 32. Kc4 Re4+ 33.
Kb3 c5 34. b5 c4+ 35. Kb4 Rb7 36. Rc6 Re1 37. b6 Rb1+ 38. Kxc4 Ra1 39. Rc7+
Rxc7+ 40. bxc7 Rxa5 41. c8=Q Kh6 42. Qf8+ Kh5 43. Rd7 h6 44. g4+ Kxg4 45. Rd4+
Kg5 46. Qe7+ Kh5 47. Rh4# 1-0

[Event "Est ch 2020 U16"]
[Site "Narva"]
[Date "2020.02.27"]
[Round "1.7"]
[White "Makarov, Gleb"]
[Black "Raag, Ardi"]
[Result "0-1"]
[WhiteElo "1275"]
[BlackElo "1774"]
[PlyCount "48"]
[EventDate "2020.02.27"]
[EventCountry "EST"]
[SourceVersionDate "2020.03.16"]

1. d4 d5 2. c4 e6 3. Nf3 Nf6 4. g3 c5 5. cxd5 exd5 6. Bg2 Nc6 7. O-O c4 8. a3
Be7 9. Nc3 a6 10. Bf4 O-O 11. Ne5 Na5 12. Bg5 Nb3 13. Rb1 Be6 14. Re1 Rc8 15.
Bxf6 Bxf6 16. e4 Bxe5 17. exd5 Bxd4 18. dxe6 fxe6 19. Re2 b5 20. Bb7 Rb8 21.
Bxa6 Bxc3 22. bxc3 Qb6 23. Qe1 Qxa6 24. Rxe6 Qxa3 0-1

[Event "Est ch 2020 U16"]
[Site "Narva"]
[Date "2020.02.27"]
[Round "1.8"]
[White "Olde, Karl Erik"]
[Black "Padari, Tuudur Jakob"]
[Result "1-0"]
[WhiteElo "1752"]
[BlackElo "1256"]
[PlyCount "69"]
[EventDate "2020.02.27"]
[EventCountry "EST"]
[SourceVersionDate "2020.03.16"]

1. d4 d5 2. c4 e6 3. Nf3 Nf6 4. e3 b6 5. Nc3 Bb7 6. Bd3 Bd6 7. O-O Nbd7 8. b3
O-O 9. Bb2 Qe7 10. Nb5 a6 11. Nxd6 cxd6 12. Ba3 Rfc8 13. Qe2 a5 14. Nd2 Ne8 15.
cxd5 (15. e4) 15... Bxd5 ({Siin pidi muidugi takistama valge pealetungi
tsentris.} 15... exd5 {[%cal Re7e6,Rd7f6]}) 16. e4 Bb7 17. e5 Qg5 18. f4 Qd8
19. Ne4 d5 20. Ng5 g6 21. Qf3 h6 {Sellise käigu peale valge ratsu muidugi
lausa hüppab rõõmust. .. f7-le.} 22. Nxf7 Kxf7 23. Qg4 Nf8 24. f5 {Kõik.
Valge rünnak on tappev.} Qg5 (24... exf5 25. Bxf5 Nf6 (25... gxf5 26. Rxf5+)
26. Bxg6+ Nxg6 27. Rxf6+) (24... gxf5 25. Bxf5) 25. fxg6+ Kg7 26. Bxf8+ Kg8 27.
Qxe6+ Kh8 28. Rf7 Qe3+ 29. Kh1 Rc1+ 30. Rxc1 Qxc1+ 31. Bf1 Qxf1+ 32. Rxf1 Ng7
33. Bxg7+ Kxg7 34. Qf7+ Kh8 35. Qh7# 1-0

[Event "Est ch 2020 U16"]
[Site "Narva"]
[Date "2020.02.27"]
[Round "1.9"]
[White "Pomaznjov, Aleksei"]
[Black "Pedmanson, Herman"]
[Result "0-1"]
[WhiteElo "1179"]
[BlackElo "1741"]
[PlyCount "40"]
[EventDate "2020.02.27"]
[EventCountry "EST"]
[SourceVersionDate "2020.03.16"]

1. e4 c6 2. d4 d5 3. exd5 cxd5 4. Nc3 Nf6 5. Nf3 Nc6 6. Bb5 Bg4 7. O-O e6 8.
Bf4 Bd6 9. Bg3 O-O 10. Be2 Bxg3 11. fxg3 Bxf3 12. Rxf3 Qb6 13. Na4 Qxd4+ 14.
Qxd4 Nxd4 15. Rf2 Ne4 16. Rff1 Nxe2+ 17. Kh1 b5 18. Nc3 N2xc3 19. bxc3 Rac8 20.
Rab1 a6 0-1

[Event "Est ch 2020 U16"]
[Site "Narva"]
[Date "2020.02.27"]
[Round "1.9"]
[White "Pedmanson, Albert"]
[Black "Rodin, Robert"]
[Result "1-0"]
[WhiteElo "1736"]
[BlackElo "1178"]
[PlyCount "61"]
[EventDate "2020.02.27"]
[EventCountry "EST"]
[SourceVersionDate "2020.03.16"]

1. e4 e5 2. Nf3 Nc6 3. d4 exd4 4. Bc4 Nf6 5. O-O d6 6. Nxd4 Ne5 7. Bb3 Bd7 8.
c4 Be7 9. Nc3 O-O 10. Bf4 Re8 11. Re1 c6 12. Bg3 a5 13. f4 Ng6 14. Nf3 h6 15.
Kh1 Nh5 16. Qd2 Nxg3+ 17. hxg3 Qc7 18. Rad1 Rad8 19. Qc2 b5 20. cxb5 cxb5 21.
Nd5 Qxc2 22. Bxc2 Bc6 23. Nd4 Bxd5 24. exd5 Bf6 25. Rxe8+ Rxe8 26. Nxb5 Be7 27.
Re1 Rb8 28. a4 Kf8 29. b3 Rc8 30. Be4 Ke8 31. Bxg6 1-0

[Event "Est ch 2020 U16"]
[Site "Narva"]
[Date "2020.02.27"]
[Round "1.11"]
[White "Lazojev, Mark"]
[Black "Nikitin, Arseni"]
[Result "0-1"]
[WhiteElo "1171"]
[BlackElo "1680"]
[PlyCount "80"]
[EventDate "2020.02.27"]
[EventCountry "EST"]
[SourceVersionDate "2020.03.16"]

1. c4 e5 2. Nc3 Nf6 3. g3 c6 4. Bg2 d5 5. cxd5 cxd5 6. d3 Nc6 7. Nf3 d4 8. Nb1
Be6 9. Nbd2 Be7 10. O-O O-O 11. a3 a5 12. Qc2 Nd5 13. Ne4 Rc8 14. Qd1 f6 15. h4
b5 16. Bd2 Qb6 17. Rb1 b4 18. Qa4 b3 19. Rbc1 h6 20. Be1 Rc7 21. Ned2 Ra8 22.
Nc4 Qb7 23. Nfd2 Rb8 24. e3 Qb5 25. Qxb5 Rxb5 26. Bxd5 Bxd5 27. e4 Be6 28. Nf3
a4 29. Na5 Rb6 30. Nc4 Ra6 31. Na5 Bxa3 32. bxa3 b2 33. Rb1 Nxa5 34. Rxb2 Nb3
35. Bb4 Bg4 36. Nh2 Bd7 37. Rd1 Bb5 38. Kf1 Rac6 39. Nf3 Rc1 40. Rb1 Rxb1 0-1

[Event "Est ch 2020 U16"]
[Site "Narva"]
[Date "2020.02.27"]
[Round "1.12"]
[White "Sadekov, Maksim"]
[Black "Pallum, Rasmus"]
[Result "1-0"]
[WhiteElo "1664"]
[BlackElo "1159"]
[PlyCount "95"]
[EventDate "2020.02.27"]
[EventCountry "EST"]
[SourceVersionDate "2020.03.16"]

1. d4 d5 2. c4 e6 3. Nc3 Nf6 4. Bg5 Be7 5. e3 b6 6. Nf3 Bb7 7. Be2 Nbd7 8. O-O
O-O 9. a3 c5 10. Rc1 Rc8 11. dxc5 Nxc5 12. b4 Nce4 13. Nxe4 Nxe4 14. Bxe7 Qxe7
15. Nd2 dxc4 16. Nxe4 Bxe4 17. Qd4 Bd3 {Läheb madinaks!} 18. Bxd3 Rfd8 19. Qc3
cxd3 20. Qxc8 d2 21. Rc7 (21. Rc2 g6 22. Rd1 Rxc8 23. Rxc8+ Kg7 24. Rxd2) 21...
Qxc7 ({Musta käsutuses oli suurepärane vaikne käik} 21... Qe8 {ja võidab
must!}) 22. Qxc7 d1=Q 23. Qxa7 Qd6 24. h3 Rc8 25. Qa6 Qc6 26. Rd1 Rb8 27. Qa7
Qc8 28. Qd7 Qxd7 29. Rxd7 Kf8 30. Ra7 b5 31. Kf1 Ke8 32. Ke2 Rc8 33. Ra5 Rc2+
34. Kf3 Ra2 35. Rxb5 Rxa3 36. Rb7 Rd3 37. g3 Rd7 {Kui taktikalises lahingus
tegutses must hästi, siis lõppmängus teeb ta suure rumaluse...} 38. Rxd7
Kxd7 39. Ke4 f6 40. Kd4 Kc6 41. Kc4 g5 42. g4 h6 43. e4 Kb6 44. b5 Kb7 45. Kc5
Kc7 46. b6+ Kb7 47. Kd6 Kxb6 48. Kxe6 1-0

[Event "Est ch 2020 U16"]
[Site "Narva"]
[Date "2020.02.27"]
[Round "1.13"]
[White "Luik, Ott-Robert"]
[Black "Snitsarenko, Igor"]
[Result "0-1"]
[WhiteElo "1149"]
[BlackElo "1602"]
[PlyCount "76"]
[EventDate "2020.02.27"]
[EventCountry "EST"]
[SourceVersionDate "2020.03.16"]

1. d4 Nf6 2. Nf3 g6 3. e3 Bg7 4. c4 O-O 5. Nc3 d6 6. Be2 Nbd7 7. b4 b6 8. Rb1
c5 9. b5 Bb7 10. O-O Ne4 11. Qc2 Nxc3 12. Qxc3 Qc7 13. Qd3 Nf6 14. d5 e6 15. e4
exd5 16. exd5 Rfe8 17. Nd2 Bc8 18. Rb3 Bf5 19. Qg3 Rxe2 20. Re3 Rxe3 21. Qxe3
Re8 22. Qb3 Re2 23. Nf3 Re7 24. Nh4 Qd7 25. Bg5 h6 26. Bxf6 Bxf6 27. Nxf5 Qxf5
28. Qg3 Qe5 29. Qh3 Kg7 30. Qc8 Qe2 31. Qc6 Be5 32. Qa8 Bxh2+ 33. Kxh2 Qxf1 34.
Qd8 Qe2 35. Qxd6 Qe5+ 36. Qxe5+ Rxe5 37. Kg3 Re4 38. Kf3 Rxc4 0-1

[Event "Est ch 2020 U16"]
[Site "Narva"]
[Date "2020.02.27"]
[Round "1.14"]
[White "Tõnisson, Trent Asso"]
[Black "Karis, Fredi"]
[Result "1-0"]
[WhiteElo "1580"]
[BlackElo "1013"]
[PlyCount "79"]
[EventDate "2020.02.27"]
[EventCountry "EST"]
[SourceVersionDate "2020.03.16"]

1. e4 c5 2. Nf3 Nc6 3. d4 cxd4 4. Nxd4 Nf6 5. Nc3 e5 6. Ndb5 d6 7. Bg5 a6 8.
Na3 Be6 9. Nc4 Bxc4 10. Bxc4 Nd4 11. Nd5 Be7 12. c3 Rc8 13. Bxf6 Bxf6 14. Bxa6
bxa6 15. cxd4 exd4 16. Qa4+ Kf8 17. O-O d3 18. Nxf6 gxf6 19. Qxa6 Qc7 20. Qxd3
Rg8 21. Rfd1 Ke7 22. b4 Qc6 23. a4 f5 24. Re1 Kf8 25. b5 Qb7 26. Qxd6+ Kg7 27.
Qe5+ Kf8 28. Qxf5 Re8 29. Rad1 Qa7 30. Rd7 Qxd7 31. Qxd7 Re6 32. Rc1 Rxe4 33.
Rc8+ Kg7 34. Rxg8+ Kxg8 35. f3 Rxa4 36. b6 Ra1+ 37. Kf2 Rb1 38. b7 Kg7 39. Qc7
Rb2+ 40. Kg3 1-0

[Event "Est ch 2020 U16"]
[Site "Narva"]
[Date "2020.02.27"]
[Round "1.15"]
[White "Desjatnikov, Svetoslav"]
[Black "Rikas, Artur"]
[Result "0-1"]
[WhiteElo "1108"]
[BlackElo "1566"]
[PlyCount "98"]
[EventDate "2020.02.27"]
[EventCountry "EST"]
[SourceVersionDate "2020.03.16"]

1. e4 e6 2. Nf3 d5 3. exd5 exd5 4. d4 Nf6 5. Nc3 h6 6. Bf4 Bb4 7. Qd3 Ne4 8.
Qb5+ Nc6 9. Bd2 Qd6 10. a3 Bxc3 11. Bxc3 O-O 12. Bb4 Nxb4 13. Qxb4 Re8 14. Qxd6
Nxd6+ 15. Be2 Bg4 16. h3 Bxf3 17. gxf3 Re6 18. Kd2 Nf5 19. c3 Nh4 20. Rhg1 Rae8
21. Rae1 Rxe2+ 22. Rxe2 Nxf3+ 23. Kd3 Rxe2 24. Rxg7+ Kxg7 25. Kxe2 Ng1+ 26. Ke3
Nxh3 27. Kf3 Kg6 28. Kg4 Nxf2+ 29. Kf3 Nd1 30. Kf4 f6 31. Kf3 Kg5 32. Kg3 h5
33. Kh3 f5 34. c4 f4 35. cxd5 h4 36. b4 Ne3 37. Kh2 f3 38. Kg1 Kg4 39. Kf2 Nd1+
40. Kf1 h3 41. Ke1 h2 42. d6 h1=Q+ 43. Kd2 Qg2+ 44. Kc1 Ne3 45. dxc7 Qf1+ 46.
Kb2 Qc4 47. d5 Nxd5 48. b5 Qc3+ 49. Kb1 Ne3 0-1

[Event "Est ch 2020 U16"]
[Site "Narva"]
[Date "2020.02.27"]
[Round "2.1"]
[White "Pedoson, Georg Aleksander"]
[Black "Pedmanson, Albert"]
[Result "1-0"]
[WhiteElo "2160"]
[BlackElo "1736"]
[PlyCount "137"]
[EventDate "2020.02.27"]
[EventCountry "EST"]
[SourceVersionDate "2020.03.16"]

{Sportlikult väga kaalukas kohtumine.. nagu hiljem selgus.} 1. d4 c5 2. d5 Nf6
3. c4 b5 4. Qc2 d6 5. e4 g6 6. Nf3 bxc4 7. Bxc4 Bg7 8. Nc3 O-O 9. O-O Ba6 10.
Nd2 Bxc4 11. Nxc4 Na6 12. h3 Nc7 13. Be3 Nd7 14. Rab1 Nb6 15. Na5 Qd7 16. Qd3
f5 17. f3 fxe4 18. fxe4 Rxf1+ 19. Rxf1 Rf8 20. Rxf8+ Kxf8 21. Bf4 Bd4+ 22. Kh1
e6 23. Nc6 Kg8 24. Bg5 exd5 25. Nxd4 cxd4 26. Qxd4 Ne6 27. Qd2 {Musta etturid
on nõrgemad ja kuningas lahtisem. Õiget plaani ei leia kuigi kiiresti isegi
arvuti... oletame, et umbkaudu võiks laual lood kulgeda järgmiselt} Nxg5 (
27... d4 28. Ne2 Qf7 29. Kg1 Nc4 30. Qc1 d3 31. Nc3 Nxg5 32. Qxg5 Nxb2 33. Qd8+
Qf8 34. Qa5 Qc8 35. Qd5+ Kg7 36. Qxd6 Qxc3 37. Qe7+ Kh6 38. Qh4+ Kg7 39. Qe7+)
28. Qxg5 dxe4 29. Nxe4 Qe6 30. Qd8+ Kg7 31. Qc7+ Nd7 32. Qxd6 Qxe4 ({Rohkem
lootusi andis panustamine aktiivsele kuningale ratsulõppmängus} 32... Qxd6
33. Nxd6 Kf6) 33. Qxd7+ Kh6 34. Qd2+ Kg7 {Mustal on probleemiks lahtine
kuningas - valge saab oma lipu asendit kuningale tulesid jagades muuta
mitmekesisemalt.} 35. Qc3+ Kg8 36. Kh2 a6 37. Qc8+ Kg7 38. Qc7+ Kg8 39. Qb8+
Kg7 40. b4 Qc6 41. Qe5+ Kg8 42. Qc5 Qe8 43. Qc4+ Kg7 44. Qc3+ Kh6 45. a3 Qd7
46. Qe5 Qa4 47. Qc3 Qb5 48. Qc5 Qe8 49. Qa5 Qc6 50. Qd8 Kg7 51. Qd4+ Kg8 52.
Qd1 Qb5 53. Qb3+ Kg7 54. a4 Qb8+ 55. Kh1 Qe5 56. Qd1 Kg8 (56... Qb2) 57. Qc1 (
57. Qb1) 57... Kg7 58. Qb1 Qd4 59. b5 axb5 (59... Qxa4 60. b6 Qe8 61. b7 Qb8
62. Qb4 a5 63. Qc3+ Kh6 64. Qc8) 60. axb5 Qb6 61. Qb4 h5 62. Qc3+ Kh6 63. Qc1+
Kg7 64. Qc3+ Kh7 65. Qc6 Qa7 66. Qd6 Qa1+ 67. Kh2 g5 68. b6 g4 69. b7 1-0

[Event "Est ch 2020 U16"]
[Site "Narva"]
[Date "2020.02.27"]
[Round "2.2"]
[White "Pedmanson, Herman"]
[Black "Aga, Rihard"]
[Result "0-1"]
[WhiteElo "1741"]
[BlackElo "2054"]
[PlyCount "104"]
[EventDate "2020.02.27"]
[EventCountry "EST"]
[SourceVersionDate "2020.03.16"]

1. e4 c6 2. d4 d5 3. exd5 cxd5 4. Bd3 Nc6 5. c3 Nf6 6. Bf4 Bg4 7. f3 Bh5 8. Ne2
e6 9. O-O Bd6 10. Nd2 O-O 11. b4 e5 12. dxe5 Nxe5 13. Nb3 Qc7 14. Qd2 Rfe8 15.
Nbd4 Nxd3 16. Bxd6 Qxd6 17. Qxd3 Nd7 18. Nf5 Qb6+ 19. Ned4 Bg6 20. Kh1 Qf6 21.
g4 h5 22. Qb5 Nb6 23. Rfe1 Re5 24. f4 Rxe1+ 25. Rxe1 hxg4 26. Re8+ Rxe8 27.
Qxe8+ Kh7 28. Ne7 Qxf4 29. Qg8+ Kh6 30. Qh8+ Kg5 31. h4+ gxh3 32. Qxh3 Qe4+ 33.
Kh2 Qf4+ 34. Kg1 Qg4+ 35. Qxg4+ Kxg4 36. Nxg6 fxg6 37. Kf2 Na4 38. Ne2 Kf5 39.
Ke3 Ke5 40. Nf4 Nxc3 41. Nxg6+ Kf6 42. Nf4 g5 43. Nd3 Nxa2 44. Kd4 Ke6 45. Nc5+
Kf5 46. b5 b6 47. Nb7 Kf4 48. Nd8 g4 49. Ne6+ Kf3 50. Ng5+ Kf2 51. Kxd5 Nc3+
52. Kc6 g3 0-1

[Event "Est ch 2020 U16"]
[Site "Narva"]
[Date "2020.02.27"]
[Round "2.3"]
[White "Nikitin, Arseni"]
[Black "Krivenko, Dion"]
[Result "1/2-1/2"]
[WhiteElo "1680"]
[BlackElo "1935"]
[PlyCount "85"]
[EventDate "2020.02.27"]
[EventCountry "EST"]
[SourceVersionDate "2020.03.16"]

1. e4 c5 2. Nf3 d6 3. d4 cxd4 4. Nxd4 Nf6 5. Nc3 g6 6. Be2 Bg7 7. Be3 O-O 8.
Qd2 Nc6 9. f3 d5 10. Nxc6 bxc6 11. Rd1 Be6 12. Bh6 Qc7 13. Bxg7 Kxg7 14. Bd3
Rfd8 15. exd5 Nxd5 16. O-O Qb6+ 17. Rf2 Qxb2 18. Nxd5 Bxd5 19. Qa5 Bc4 20. Qc5
Bxd3 21. cxd3 Qf6 22. Rc2 Rd6 23. Rdc1 Rxd3 24. Qxc6 Qd4+ 25. Kf1 Rd8 26. Qc4
Qd6 27. Re1 e6 28. Qc7 Qxc7 29. Rxc7 Ra3 30. Rxe6 Rxa2 31. Re2 Rd1+ 32. Kf2
Rda1 33. Rxa2 Rxa2+ 34. Kg3 g5 35. h4 gxh4+ 36. Kxh4 Rxg2 37. Rxa7 Kg6 38. Ra5
h6 39. f4 Rg1 40. Rb5 Rf1 41. Kg3 h5 42. Rg5+ Kh6 43. Rf5 1/2-1/2

[Event "Est ch 2020 U16"]
[Site "Narva"]
[Date "2020.02.27"]
[Round "2.4"]
[White "Protassov, Vlad"]
[Black "Sadekov, Maksim"]
[Result "1-0"]
[WhiteElo "1913"]
[BlackElo "1664"]
[PlyCount "50"]
[EventDate "2020.02.27"]
[EventCountry "EST"]
[SourceVersionDate "2020.03.16"]

1. Nf3 e6 2. c4 b6 3. g3 Bb7 4. Bg2 f5 5. O-O Nf6 6. d4 Be7 7. d5 c5 8. Nc3
exd5 9. Nh4 g6 10. cxd5 d6 11. Re1 O-O 12. Bg5 Kg7 13. Qd2 Re8 14. Bh6+ Kg8 15.
e4 Ng4 16. exf5 Bxh4 17. Rxe8+ Qxe8 18. gxh4 Nd7 19. Re1 Qf7 20. fxg6 Qxg6 21.
Re6 Ndf6 22. Bg5 Bc8 23. Rxd6 h6 24. Bf4 Qf5 25. h3 Ne5 1-0

[Event "Est ch 2020 U16"]
[Site "Narva"]
[Date "2020.02.27"]
[Round "2.5"]
[White "Snitsarenko, Igor"]
[Black "Rytshagov, Nikita"]
[Result "0-1"]
[WhiteElo "1602"]
[BlackElo "1837"]
[PlyCount "58"]
[EventDate "2020.02.27"]
[EventCountry "EST"]
[SourceVersionDate "2020.03.16"]

1. e4 e5 2. Nf3 Nc6 3. d4 exd4 4. Nxd4 Nf6 5. Nc3 Bb4 6. Nxc6 bxc6 7. Bd3 d5 8.
exd5 cxd5 9. O-O O-O 10. h3 h6 11. Qf3 c6 12. Bf4 Be6 13. Bg3 Re8 14. Ne2 Bd6
15. Nd4 c5 16. Nxe6 fxe6 17. Bxd6 Qxd6 18. Rfe1 c4 19. Bf1 Rf8 20. Rad1 Rae8
21. Bxc4 Qb8 22. Bb3 Ne4 23. Qh5 Rf5 24. Qg6 Rg5 25. Qxe8+ Qxe8 26. f3 Qg6 27.
g4 Nc5 28. h4 Rf5 29. Kf2 Qxg4 0-1